Plastics manufacturing systems engineering : (Record no. 32528)

000 -LEADER
fixed length control field 02168cam a2200481Ia 4500
001 - CONTROL NUMBER
control field 8600575
003 - CONTROL NUMBER IDENTIFIER
control field OSt
005 - DATE AND TIME OF LATEST TRANSACTION
control field 20211130180900.0
006 - FIXED-LENGTH DATA ELEMENTS--ADDITIONAL MATERIAL CHARACTERISTICS
fixed length control field m o d
007 - PHYSICAL DESCRIPTION FIXED FIELD--GENERAL INFORMATION
fixed length control field cr cn|||||||||
008 - FIXED-LENGTH DATA ELEMENTS--GENERAL INFORMATION
fixed length control field 110215s2009 ohua ob 001 0 eng d
020 ## - INTERNATIONAL STANDARD BOOK NUMBER
International Standard Book Number 9783446420144
035 ## - SYSTEM CONTROL NUMBER
System control number (OCoLC)ocn701837643
035 ## - SYSTEM CONTROL NUMBER
System control number (OCoLC)701837643
035 ## - SYSTEM CONTROL NUMBER
System control number (NNC)8600575
037 ## - SOURCE OF ACQUISITION
Source of stock number/acquisition Knovel Corporation
Note http://www.knovel.com
038 ## - RECORD CONTENT LICENSOR
Staff Name Khadija
040 ## - CATALOGING SOURCE
Original cataloging agency KNOVL
Language of cataloging eng
Transcribing agency KNOVL
Modifying agency OCLCQ
-- OPELS
-- KNOVL
-- ZCU
-- KNOVL
-- OCLCF
050 #4 - LIBRARY OF CONGRESS CALL NUMBER
Classification number TP1120
Item number .K375 2009eb
082 04 - DEWEY DECIMAL CLASSIFICATION NUMBER
Classification number 668.4
Edition number 22
Author Mark KAZ
100 1# - MAIN ENTRY--PERSONAL NAME
Personal name Kazmer, O David.
9 (RLIN) 85346
245 10 - TITLE STATEMENT
Title Plastics manufacturing systems engineering :
Remainder of title a systems approach /
Statement of responsibility, etc. David O. Kazmer.
260 ## - PUBLICATION, DISTRIBUTION, ETC.
Place of publication, distribution, etc. Cincinnati, Ohio :
Name of publisher, distributor, etc. Hanser Publications,
Date of publication, distribution, etc. c2009.
300 ## - PHYSICAL DESCRIPTION
Extent 1 online resource (xviii, 502 p.) :
Other physical details ill.
504 ## - BIBLIOGRAPHY, ETC. NOTE
Bibliography, etc. note Includes bibliographical references and index.
520 ## - SUMMARY, ETC.
Summary, etc. "Plastics manufacturing is a highly interdisciplinary endeavor requiring knowledge related to materials science, physics, engineering, and management. This book was written to educate and support plastics processing engineers, but is also highly useful to others involved with plastics manufacturing who are performing process development, research, and even machinery design"--Provided by publisher.
563 ## - BINDING INFORMATION
Binding note HB
650 #0 - SUBJECT ADDED ENTRY--TOPICAL TERM
Topical term or geographic name entry element Plastics.
9 (RLIN) 85347
650 #0 - SUBJECT ADDED ENTRY--TOPICAL TERM
Topical term or geographic name entry element Manufacturing processes.
9 (RLIN) 85348
650 #0 - SUBJECT ADDED ENTRY--TOPICAL TERM
Topical term or geographic name entry element Systems engineering.
9 (RLIN) 85349
650 #6 - SUBJECT ADDED ENTRY--TOPICAL TERM
Topical term or geographic name entry element Plasturgie.
9 (RLIN) 85350
650 #6 - SUBJECT ADDED ENTRY--TOPICAL TERM
Topical term or geographic name entry element Plasturgie
General subdivision Appareils et matériel.
9 (RLIN) 85351
650 #6 - SUBJECT ADDED ENTRY--TOPICAL TERM
Topical term or geographic name entry element Fabrication.
9 (RLIN) 85352
650 #6 - SUBJECT ADDED ENTRY--TOPICAL TERM
Topical term or geographic name entry element Matières plastiques.
9 (RLIN) 85353
650 #7 - SUBJECT ADDED ENTRY--TOPICAL TERM
Topical term or geographic name entry element Manufacturing processes.
Source of heading or term fast
9 (RLIN) 85348
650 #7 - SUBJECT ADDED ENTRY--TOPICAL TERM
Topical term or geographic name entry element Plastics.
Source of heading or term fast
9 (RLIN) 85347
650 #7 - SUBJECT ADDED ENTRY--TOPICAL TERM
Topical term or geographic name entry element Systems engineering.
Source of heading or term fast
9 (RLIN) 85349
655 #4 - INDEX TERM--GENRE/FORM
Genre/form data or focus term Electronic books.
9 (RLIN) 85354
776 08 - ADDITIONAL PHYSICAL FORM ENTRY
Relationship information Print version:
Main entry heading Kazmer, David.
Title Plastics manufacturing systems engineering.
Place, publisher, and date of publication Cincinnati, Ohio : Hanser Publications, c2009
International Standard Book Number 9781569904626
Record control number (DLC) 2009016125
-- (OCoLC)318716174
856 40 - ELECTRONIC LOCATION AND ACCESS
Uniform Resource Identifier <a href="http://www.columbia.edu/cgi-bin/cul/resolve?clio8600575">http://www.columbia.edu/cgi-bin/cul/resolve?clio8600575</a>
Public note ACADEMIC - Plastics & Rubber
942 ## - ADDED ENTRY ELEMENTS (KOHA)
Source of classification or shelving scheme
Koha item type Book
Holdings
Withdrawn status Lost status Source of classification or shelving scheme Damaged status Not for loan Permanent Location Current Location Shelving location Date acquired Full call number Barcode Date last seen Price effective from Koha item type
          School of Mechanical & Manufacturing Engineering (SMME) School of Mechanical & Manufacturing Engineering (SMME) General Stacks 10/01/2015 658.5 KAZ SMME-1359 03/28/2018 10/01/2015 Book
© 2023 Central Library, National University of Sciences and Technology. All Rights Reserved.